| 000 | 00363nam a2200157Ia 4500 | ||
|---|---|---|---|
| 008 | 100122s9999 xx 000 0 und d | ||
| 082 |
_b59822 _aB823.08 |
||
| 100 | _aBLYTON ENID | ||
| 245 | _aSEVEN OCLOCK TALES | ||
| 250 | _a0 | ||
| 260 |
_bMAMMOTH _c1997 |
||
| 300 | _a173 | ||
| 630 | _aSEVEN OCLOCK TALES | ||
| 730 | _aSEVEN OCLOCK TALES | ||
| 942 | _cBOOK | ||
| 999 |
_c377738 _d377735 |
||